Brdy a Hřebeny : 50 vybraných turistických tras ... /
Uloženo v:
| Hlavní autor: | |
|---|---|
| Médium: | Kniha |
| Jazyk: | Czech |
| Vydáno: |
Praha :
Freytag & Berndt,
2021
|
| Vydání: | 2. vydání |
| Edice: | Turistický průvodce Rother
|
| Témata: | |
| Celkem bylo vypůjčeno: | 0x |
| Tagy: |
Žádné tagy |
| LEADER | 02226nam a2200553 i 4500 | ||
|---|---|---|---|
| 001 | 100235 | ||
| 003 | CZ PrSKC | ||
| 005 | 20230711172150.0 | ||
| 007 | ta | ||
| 008 | 211116s2021 xr ab e f 001 0 cze | ||
| 015 | |a cnb003374905 | ||
| 020 | |a 9788074455223 |q (brožováno) |z 978-80-7316-156-9 | ||
| 040 | |a BOA001 |b cze |e rda | ||
| 072 | 7 | |a 913(437) |x Geografie Česka a Slovenska, reálie, cestování |2 Konspekt |9 7 | |
| 080 | |a 796.51 |2 MRF | ||
| 080 | |a 796.5:625.711.8 |2 MRF | ||
| 080 | |a 913:338.483.1 |2 MRF | ||
| 080 | |a 913(437.31-191.2) |2 MRF | ||
| 080 | |a (437.31-191.2) |2 MRF | ||
| 080 | |a (036)913 |2 MRF | ||
| 100 | 1 | |a Podhorský, Marek |7 jn20001103347 |4 aut |4 pht |9 23437 | |
| 245 | 1 | 0 | |a Brdy a Hřebeny : |b 50 vybraných turistických tras ... / |c Marek Podhorský |
| 246 | 1 | 8 | |a Turistický průvodce - Brdy a Hřebeny |
| 250 | |a 2. vydání | ||
| 264 | 1 | |a Praha : |b Freytag & Berndt, |c 2021 | |
| 300 | |a 158 stran : |b barevné ilustrace, mapy ; |c 17 cm | ||
| 336 | |a text |b txt |2 rdacontent | ||
| 336 | |a statický obraz |b sti |2 rdacontent | ||
| 337 | |a bez média |b n |2 rdamedia | ||
| 338 | |a svazek |b nc |2 rdacarrier | ||
| 490 | 1 | |a Turistický průvodce Rother | |
| 500 | |a Obálkový podnázev: nejkrásnější pěší výlety v Brdské vrchovině | ||
| 500 | |a Obsahuje rejstřík | ||
| 500 | |a Publikace obsahuje QR kód pro přístup k aplikaci PhoneMaps | ||
| 650 | 0 | 7 | |a pěší turistika |7 ph124864 |z Česko |2 czenas |
| 650 | 0 | 7 | |a turistické trasy |7 ph606745 |z Česko |2 czenas |
| 650 | 0 | 7 | |a turistické zajímavosti |7 ph126800 |z Česko |2 czenas |
| 650 | 0 | 9 | |a hiking |z Czechia |2 eczenas |
| 650 | 0 | 9 | |a tourist trails |z Czechia |2 eczenas |
| 650 | 0 | 9 | |a tourist sights |z Czechia |2 eczenas |
| 651 | 7 | |a Brdská vrchovina (Česko) |7 ge128818 |x reálie |2 czenas | |
| 651 | 9 | |a Brdská vrchovina Mountains (Czechia) |x description and travel |2 eczenas | |
| 655 | 7 | |a turistické průvodce |7 fd133738 |2 czenas | |
| 655 | 9 | |a tourist guidebooks |2 eczenas | |
| 830 | 0 | |a Turistický průvodce Rother | |
| 910 | |a UOG502 | ||
| 942 | |2 ddc |c KN | ||
| 999 | |d 100235 | ||
| 993 | |0 0 |1 421180100627 |2 ddc |4 0 |6 908_437000000000000 |7 0 |9 90654 |b 0 |c 100627 |d 2023-07-11 |e 0 |f DOSP |g 908.437 |h 298.00 |i Koupě |l DOSP |r 2023-07-11 |t 5 |w 2023-07-11 |y KN |z NAUCNA | ||